Television program making : (Record no. 6513)

MARC details
000 -LEADER
fixed length control field 01080cam a2200277 a 4500
001 - CONTROL NUMBER
control field 2157607
003 - CONTROL NUMBER IDENTIFIER
control field OSt
005 - DATE AND TIME OF LATEST TRANSACTION
control field 20200129113823.0
008 - FIXED-LENGTH DATA ELEMENTS--GENERAL INFORMATION
fixed length control field 990323s1999 enkab i 001 0 eng
010 ## - LIBRARY OF CONGRESS CONTROL NUMBER
LC control number 99026859
020 ## - INTERNATIONAL STANDARD BOOK NUMBER
International Standard Book Number 0240515242 (pbk.)
035 ## - SYSTEM CONTROL NUMBER
System control number (DLC) 99026859
040 ## - CATALOGING SOURCE
Original cataloging agency DLC
Transcribing agency DLC
Modifying agency DLC
082 00 - DEWEY DECIMAL CLASSIFICATION NUMBER
Classification number 317.33
Edition number 21
Item number HAR 1999
100 1# - MAIN ENTRY--PERSONAL NAME
Personal name Hart, Colin.
9 (RLIN) 13375
245 10 - TITLE STATEMENT
Title Television program making :
Remainder of title everything you need to know to get started /
Statement of responsibility, etc. Colin Hart ; illustrations by Chris Mutter.
260 ## - PUBLICATION, DISTRIBUTION, ETC. (IMPRINT)
Place of publication, distribution, etc. Oxford ;
-- Boston, Mass. :
Name of publisher, distributor, etc. Focal Press,
Date of publication, distribution, etc. 1999.
300 ## - PHYSICAL DESCRIPTION
Extent xiii, 256 p. :
Other physical details ill., maps ;
Dimensions 24 cm.
500 ## - GENERAL NOTE
General note Includes index.
650 #0 - SUBJECT ADDED ENTRY--TOPICAL TERM
Topical term or geographic name as entry element Television
General subdivision Vocational guidance.
9 (RLIN) 13376
856 41 - ELECTRONIC LOCATION AND ACCESS
Materials specified Table of contents
Uniform Resource Identifier <a href="http://www.loc.gov/catdir/toc/els033/99026859.html">http://www.loc.gov/catdir/toc/els033/99026859.html</a>
856 42 - ELECTRONIC LOCATION AND ACCESS
Materials specified Publisher description
Uniform Resource Identifier <a href="http://www.loc.gov/catdir/description/els033/99026859.html">http://www.loc.gov/catdir/description/els033/99026859.html</a>
906 ## - LOCAL DATA ELEMENT F, LDF (RLIN)
a 7
b cbc
c orignew
d 1
e ocip
f 19
g y-gencatlg
942 ## - ADDED ENTRY ELEMENTS (KOHA)
Source of classification or shelving scheme Dewey Decimal Classification
Koha item type Open Shelf
Holdings
Withdrawn status Lost status Source of classification or shelving scheme Damaged status Not for loan Home library Current library Date acquired Source of acquisition Inventory number Total Checkouts Full call number Barcode Date last seen Price effective from Koha item type
    Dewey Decimal Classification     MUST Main Library MUST Main Library 29/01/2020 Purchase 2001/15633   317.33 HAR 1999 2020-0210 29/01/2020 29/01/2020 Open Shelf